[Event "Open Nuevo Centro. Jornada 3"]
[Site "Chess.com"]
[Date "2020.07.03"]
[Round "2"]
[White "Castellano L�pez, Javier"
[Black "Garcia, Jhoel"
[Result "0-1"]
[WhiteElo "1825"]
[BlackElo "2327"]
[PlyCount "160"]
[EventDate "2020.??.??"]
1. d4 Nf6 2. c4 e6 3. Nc3 Bb4 4. Qc2 d5 5. a3 Bxc3+ 6. Qxc3 Ne4 7. Qc2 c5 8.
dxc5 Nc6 9. e3 Qa5+ 10. Bd2 Qxc5 11. b4 Qe7 12. Nf3 Nxd2 13. Qxd2 O-O 14. Bd3
dxc4 15. Bxc4 b6 16. O-O Bb7 17. Rac1 Rfd8 18. Qb2 Rac8 19. Be2 Qf6 20. Qxf6
gxf6 21. Rfd1 Kf8 22. Kf1 Ke7 23. Rxd8 Rxd8 24. Bb5 Rd6 25. Bxc6 Bxc6 26. Nd4
Ba4 27. Rc7+ Rd7 28. Nc6+ Kd6 29. Rxd7+ Kxd7 30. Nd4 e5 31. Nf3 Bc6 32. Ke2 Ke6
33. g3 Kd5 34. Nd2 Bb5+ 35. Kf3 f5 36. g4 fxg4+ 37. Kxg4 a5 38. Kf5 a4 39. Kf6
Bc4 40. Kxf7 Bd3 41. h4 Bg6+ 42. Kf6 e4 43. Kg5 Be8 44. Kh6 Bg6 45. h5 Bf5 46.
Kg5 Bc8 47. Kf4 Bd7 48. Nxe4 Kc4 49. Nf6 Be6 50. Nxh7 Kb3 51. Ng5 Bg8 52. Ne4
Kxa3 53. Nc3 Kxb4 54. Nb1 a3 55. Nxa3 Kxa3 56. e4 b5 57. e5 b4 58. h6 b3 59. e6
b2 60. e7 Bf7 61. h7 b1=Q 62. h8=Q Qb4+ 63. Kg3 Qd6+ 64. f4 Qd3+ 65. Kg4 Qe2+
66. Kg5 Qxe7+ 67. Qf6 Qc7 68. Qe5 Qd8+ 69. Qf6 Qg8+ 70. Kf5 Qh7+ 71. Ke5 Qh5+
72. f5 Qe2+ 73. Kd6 Qd2+ 74. Ke7 Bb3 75. Qa6+ Kb2 76. Qf6+ Kb1 77. Qe5 Qg5+ 78.
f6 Qxe5+ 79. Kf8 Qxf6+ 80. Ke8 Ba4# 0-1

[Event "Open Nuevo Centro. Jornada 3"]
[Site "Chess.com"]
[Date "2020.07.03"]
[Round "3"]
[White "Fitzpatrick Dimas  , Andrew "
[Black "Morata Briones, Carlos"
[Result "1/2-1/2"]
[WhiteElo "1077"]
[BlackElo "887"]
[PlyCount "26"]
[EventDate "2020.??.??"]
1. e4 e5 2. Nf3 Nc6 3. Nc3 Nf6 4. Bc4 Bc5 5. d3 O-O 6. O-O d6 7. Bg5 h6 8. Bxf6
Qxf6 9. h3 Qg6 10. Nh4 Qg5 11. Nf3 Qg6 12. Nh4 Qg5 13. Nf3 Qg6 1/2-1/2

[Event "Open Nuevo Centro. Jornada 3"]
[Site "Chess.com"]
[Date "2020.07.03"]
[Round "3"]
[White "Deusa Ballesteros, Luis Miguel"
[Black "Haoyou, Deng"
[Result "0-1"]
[WhiteElo "1500"]
[BlackElo "1818"]
[PlyCount "34"]
[EventDate "2020.??.??"]
1. Nf3 Nf6 2. g3 d5 3. Bg2 Bf5 4. d3 e6 5. O-O Bd6 6. Nbd2 Nbd7 7. Re1 Bg6 8.
e4 dxe4 9. Nxe4 Nxe4 10. dxe4 Nb6 11. e5 Bc5 12. Qxd8+ Rxd8 13. c3 O-O 14. Be3
Bxe3 15. Rxe3 Nc4 16. Re2 Bd3 17. Rd2 Nxd2 0-1

[Event "Open Nuevo Centro. Jornada 3"]
[Site "Chess.com"]
[Date "2020.07.03"]
[Round "3"]
[White "Cantero Navarro, Antonio"
[Black "Cebolla Ruiz, David"
[Result "1-0"]
[WhiteElo "1852"]
[BlackElo "1540"]
[PlyCount "35"]
[EventDate "2020.??.??"]
1. e4 c6 2. c4 d5 3. exd5 cxd5 4. cxd5 Qxd5 5. Nc3 Qa5 6. Nf3 Nf6 7. Bc4 Nc6 8.
O-O Bf5 9. Qb3 Qc7 10. Bxf7+ Kd8 11. d4 e5 12. dxe5 Nxe5 13. Nxe5 Qxe5 14. Qxb7
Be4 15. Rd1+ Bd6 16. Nxe4 Qxe4 17. Rxd6+ Nd7 18. Qxd7# 1-0

[Event "Open Nuevo Centro. Jornada 3"]
[Site "Chess.com"]
[Date "2020.07.03"]
[Round "3"]
[White "Ainsa Jimenez, Lucas"
[Black "Alvarez Usina, Joan"
[Result "1-0"]
[WhiteElo "1005"]
[BlackElo "682"]
[PlyCount "31"]
[EventDate "2020.??.??"]
1. e4 e5 2. Nf3 Nc6 3. Bc4 Bc5 4. d3 d6 5. Ng5 Nh6 6. O-O Nb4 7. Nf3 c6 8. Bxh6
gxh6 9. a3 Na6 10. Nfd2 Qf6 11. Nb3 Qg6 12. Qf3 Bg4 13. Qg3 Bxf2+ 14. Qxf2 Bh3
15. Bxf7+ Qxf7 16. Qxf7+ 1-0

[Event "Open Nuevo Centro. Jornada 3"]
[Site "Chess.com"]
[Date "2020.07.03"]
[Round "3"]
[White "Sim� Serrano, Javier"
[Black "Sanchis Bon, Sergi"
[Result "0-1"]
[WhiteElo "355"]
[BlackElo "945"]
[PlyCount "34"]
[EventDate "2020.??.??"]
1. d4 e5 2. c3 exd4 3. cxd4 Qf6 4. e3 Bb4+ 5. Bd2 Bd6 6. Nf3 Qe7 7. Bc4 Nf6 8.
Nc3 Bb4 9. a3 Bxc3 10. Bxc3 Ne4 11. Bb4 d6 12. Ne5 a5 13. Bb5+ c6 14. Nxc6 bxc6
15. Bxc6+ Nxc6 16. Bc3 Qf6 17. d5 Qxf2# 0-1

[Event "Open Nuevo Centro. Jornada 3"]
[Site "Chess.com"]
[Date "2020.07.03"]
[Round "3"]
[White "Maestre Soler, Sergio"
[Black "M�ndez Gim�nez , N�stor Emmanuel"
[Result "0-1"]
[WhiteElo "873"]
[BlackElo "1145"]
[PlyCount "44"]
[EventDate "2020.??.??"]
1. e4 e6 2. Nf3 d5 3. e5 f6 4. exf6 Nxf6 5. Nc3 Bd6 6. Bd3 O-O 7. O-O Nc6 8. h3
Ne4 9. Bxe4 dxe4 10. Nxe4 Be5 11. Nxe5 Qd5 12. d3 Qxe5 13. Qf3 Rxf3 14. gxf3
Nd4 15. c3 Nxf3+ 16. Kg2 Nh4+ 17. Kg1 b6 18. Ng3 Bb7 19. Bd2 Nf3+ 20. Kh1 Nxd2+
21. Kg1 Nxf1 22. Rxf1 Ba6 0-1

[Event "Open Nuevo Centro. Jornada 3"]
[Site "Chess.com"]
[Date "2020.07.03"]
[Round "3"]
[White "Valero Martinez, �scar"
[Black "Fern�ndez Martin, Carlos"
[Result "0-1"]
[WhiteElo "1170"]
[BlackElo "1631"]
[PlyCount "58"]
[EventDate "2020.??.??"]
1. e4 e5 2. Nf3 Nc6 3. Nc3 Bc5 4. Bc4 d6 5. d3 Nge7 6. Bg5 f6 7. Be3 Nd4 8. Nd5
c6 9. Bxd4 cxd5 10. exd5 exd4 11. Qe2 O-O 12. O-O Re8 13. Nh4 Nf5 14. Qf3 Nxh4
15. Qg4 Bxg4 16. h3 Be2 17. Rfe1 Bb4 18. c3 dxc3 19. bxc3 Bxc3 20. Rac1 Bd2 21.
Bb5 Re5 22. g3 Nf3+ 23. Kg2 Nxe1+ 24. Kh2 Bxc1 25. Bc4 Bxd3 26. Bxd3 Nxd3 27.
a4 Qb6 28. a5 Qxf2+ 29. Kh1 Re1# 0-1

[Event "Open Nuevo Centro. Jornada 3"]
[Site "Chess.com"]
[Date "2020.07.03"]
[Round "3"]
[White "Perrot, Fabien "
[Black "Valero Artagoitia, Sara"
[Result "1-0"]
[WhiteElo "978"]
[BlackElo "555"]
[PlyCount "23"]
[EventDate "2020.??.??"]
1. d4 d5 2. Nf3 Nc6 3. c4 dxc4 4. d5 Nb4 5. Qa4+ Bd7 6. Qxb4 Bg4 7. Qb5+ c6 8.
dxc6 bxc6 9. Qxc6+ Bd7 10. Qxc4 Bg4 11. Ne5 Bf5 12. Qxf7# 1-0

[Event "Open Nuevo Centro. Jornada 3"]
[Site "Chess.com"]
[Date "2020.07.03"]
[Round "3"]
[White "Albuixech Sanz, Jorge"
[Black "Marques Montolio, Luis"
[Result "1-0"]
[WhiteElo "1729"]
[BlackElo "1219"]
[PlyCount "67"]
[EventDate "2020.??.??"]
1. e4 d5 2. exd5 Qxd5 3. Nc3 Qa5 4. d4 c6 5. Bc4 Bf5 6. Nf3 e6 7. O-O Nf6 8.
Bd2 Qc7 9. Qe2 Be7 10. Rfe1 O-O 11. Rac1 Nbd7 12. Bb3 Nb6 13. h3 Nbd5 14. Nxd5
cxd5 15. c4 dxc4 16. Bxc4 Rad8 17. Bxe6 fxe6 18. Rxc7 Bd6 19. Rxb7 Nd5 20. Nh4
Rde8 21. Nxf5 exf5 22. Qxe8 Rxe8 23. Rxe8+ Bf8 24. Rbb8 g6 25. Rxf8+ Kg7 26.
Rfd8 Nb6 27. Rxb6 axb6 28. Rb8 Kf6 29. Rxb6+ Kf7 30. a4 Ke7 31. a5 Kd7 32. a6
Kc7 33. Rb7+ Kc8 34. Rxh7 1-0

[Event "Open Nuevo Centro. Jornada 3"]
[Site "Chess.com"]
[Date "2020.07.03"]
[Round "3"]
[White "Elenkov Olmo, Ivan"
[Black "Camison Zornoza, Cesar"
[Result "0-1"]
[WhiteElo "930"]
[BlackElo "1719"]
[PlyCount "72"]
[EventDate "2020.??.??"]
1. e4 Nf6 2. Nc3 d5 3. exd5 Nxd5 4. Nxd5 Qxd5 5. d3 Nc6 6. Qf3 Qxf3 7. Nxf3 Nb4
8. Nd4 e5 9. a3 Nxd3+ 10. Bxd3 exd4 11. Bf4 c5 12. b4 Be6 13. bxc5 Bxc5 14. Be5
O-O 15. O-O a6 16. Rab1 Bd5 17. c4 Bc6 18. Rfe1 Rfe8 19. Re4 f6 20. Bxd4 Rxe4
21. Bxe4 Bxd4 22. Bxc6 bxc6 23. g3 Ra7 24. Rd1 c5 25. Kg2 Kf7 26. Kf3 Rb7 27.
a4 Rb4 28. Ke4 Ke6 29. f4 f5+ 30. Kd3 Rxa4 31. Ke2 Ra2+ 32. Ke1 a5 33. Rb1 Rb2
34. Ra1 Rxh2 35. Rxa5 Bc3+ 36. Kd1 Bxa5 0-1

[Event "Open Nuevo Centro. Jornada 3"]
[Site "Chess.com"]
[Date "2020.07.03"]
[Round "3"]
[White "Yatseta Fernandez, Marc Kazymyr"
[Black "Sanchez Saez, Francisco"
[Result "0-1"]
[WhiteElo "1591"]
[BlackElo "2212"]
[PlyCount "48"]
[EventDate "2020.??.??"]
1. d4 Nf6 2. c4 c5 3. Nf3 cxd4 4. Nxd4 e5 5. Nf3 Nc6 6. g3 e4 7. Nd4 Bc5 8. Be3
O-O 9. Bg2 Ng4 10. Nxc6 Nxe3 11. Nxd8 Nxd1 12. Kxd1 Rxd8 13. Nc3 f5 14. f3 d6
15. fxe4 Be6 16. b3 Bd4 17. Rc1 f4 18. gxf4 Be3 19. Rb1 Bxf4 20. Kc2 Rac8 21.
e5 dxe5 22. Bxb7 Rd2+ 23. Kc1 Rd7+ 24. Kb2 Rxb7 0-1

[Event "Open Nuevo Centro. Jornada 3"]
[Site "Chess.com"]
[Date "2020.07.03"]
[Round "3"]
[White "Saiz Sapena, Veronica"
[Black "Castellano L�pez, Javier"
[Result "0-1"]
[WhiteElo "1525"]
[BlackElo "1830"]
[PlyCount "52"]
[EventDate "2020.??.??"]
1. e4 c6 2. d4 d5 3. e5 Bf5 4. Bd3 Bxd3 5. Qxd3 e6 6. Ne2 Ne7 7. O-O h5 8. h4
Nf5 9. Bg5 Be7 10. Bxe7 Qxe7 11. g3 Nd7 12. Nd2 a6 13. c4 O-O 14. a4 Rfc8 15.
a5 Qb4 16. cxd5 cxd5 17. b3 b5 18. axb6 Qxb6 19. Rfb1 a5 20. Nf3 Rc7 21. b4 a4
22. Qa3 Rc2 23. Kf1 Qb5 24. Ra2 Qxe2+ 25. Kg2 Qxf2+ 26. Kh1 Qg2# 0-1

[Event "Open Nuevo Centro. Jornada 3"]
[Site "Chess.com"]
[Date "2020.07.03"]
[Round "3"]
[White "Cruz LLedo, Pablo"
[Black "Barber�n P�rez, Guillermo"
[Result "1-0"]
[WhiteElo "2536"]
[BlackElo "1653"]
[PlyCount "55"]
[EventDate "2020.??.??"]
1. c4 e5 2. Nc3 Bb4 3. g3 Nf6 4. Bg2 O-O 5. Qc2 c6 6. a3 Be7 7. e4 Na6 8. Nge2
Nc7 9. O-O d5 10. exd5 cxd5 11. cxd5 Ncxd5 12. Nxd5 Nxd5 13. d4 Bf6 14. dxe5
Bxe5 15. Rd1 Be6 16. Nc3 Rc8 17. Bg5 Qxg5 18. Bxd5 Bxc3 19. Bxe6 fxe6 20. bxc3
Qf6 21. Rd3 Rf7 22. Re1 Rfc7 23. Qa2 Kf7 24. Qb3 b6 25. Rd6 Rc6 26. Rexe6 Qxc3
27. Rf6+ Ke8 28. Qf7# 1-0

[Event "Open Nuevo Centro. Jornada 3"]
[Site "Chess.com"]
[Date "2020.07.03"]
[Round "3"]
[White "Gerona Maura, Jesus"
[Black "Tormos Beltran, Maite"
[Result "1-0"]
[WhiteElo "1789"]
[BlackElo "1451"]
[PlyCount "45"]
[EventDate "2020.??.??"]
1. e4 d5 2. exd5 Qxd5 3. Nc3 Qd6 4. Nf3 Nf6 5. d4 c6 6. g3 Bg4 7. Bf4 Qb4 8.
Rb1 e6 9. a3 Qa5 10. Bg2 Be7 11. O-O Nd5 12. Nxd5 cxd5 13. Qd3 O-O 14. Ne5 Bf5
15. Qb3 b6 16. Rbc1 b5 17. Bxd5 exd5 18. Qxd5 Nd7 19. Nc6 Be6 20. Nxe7+ Kh8 21.
Qg5 Rae8 22. Nf5 h6 23. Qxg7# 1-0

[Event "Open Nuevo Centro. Jornada 3"]
[Site "Chess.com"]
[Date "2020.07.03"]
[Round "3"]
[White "Albentosa Ferrada, Adrian"
[Black "Mart�nez Escandell, Alfonso"
[Result "0-1"]
[WhiteElo "1182"]
[BlackElo "1713"]
[PlyCount "48"]
[EventDate "2020.??.??"]
1. e4 c5 2. d4 e6 3. Nf3 cxd4 4. c3 dxc3 5. Nxc3 g6 6. Bc4 Bg7 7. Bf4 Ne7 8.
O-O O-O 9. Qd2 a6 10. Bh6 b5 11. Bb3 Bb7 12. Rac1 Nbc6 13. Rfe1 Re8 14. h3 Bh8
15. g3 Na5 16. Kg2 Nxb3 17. axb3 f5 18. h4 b4 19. Na4 fxe4 20. Ng5 e3+ 21. Kg1
exd2 22. Red1 dxc1=Q 23. Rxc1 Rc8 24. Rf1 Nf5 0-1

[Event "Open Nuevo Centro. Jornada 3"]
[Site "Chess.com"]
[Date "2020.07.03"]
[Round "3"]
[White "Segarra Martinez, Axel"
[Black "Pardo Ruiz, Carlos"
[Result "1-0"]
[WhiteElo "2238"]
[BlackElo "1860"]
[PlyCount "65"]
[EventDate "2020.??.??"]
1. e4 Nf6 2. e5 Nd5 3. c4 Nb6 4. d4 d6 5. f4 dxe5 6. fxe5 Nc6 7. Be3 Bf5 8. Nc3
e6 9. Be2 Qd7 10. Qd2 O-O-O 11. Rd1 Be7 12. Nf3 f6 13. exf6 Bxf6 14. d5 exd5
15. Nxd5 Nxd5 16. cxd5 Ne7 17. Bc4 a6 18. O-O Rhe8 19. Bf4 Be4 20. d6 cxd6 21.
Bxd6 Nc6 22. Qc1 Bxf3 23. Rxf3 Bd4+ 24. Rxd4 Nxd4 25. Be6+ Nc6 26. Bxd7+ Rxd7
27. Bg3 Kd8 28. Qg5+ Kc8 29. h3 Nd4 30. Rc3+ Nc6 31. Qf4 Rd1+ 32. Kh2 Rdd8 33.
Qc7# 1-0

[Event "Open Nuevo Centro. Jornada 3"]
[Site "Chess.com"]
[Date "2020.07.03"]
[Round "3"]
[White "Hip�lito Garc�a, Dar�o"
[Black "URSARIU, NIKOLAS VICTOR"
[Result "0-1"]
[WhiteElo "734"]
[BlackElo "1014"]
[PlyCount "40"]
[EventDate "2020.??.??"]
1. d4 d5 2. Nc3 Nf6 3. Bf4 Bd7 4. a4 e6 5. Nb5 Bxb5 6. axb5 a6 7. bxa6 Rxa6 8.
Rxa6 Nxa6 9. Qd3 Bd6 10. Bg5 O-O 11. g3 Nb4 12. Qb3 b6 13. c3 Nc6 14. c4 Nxd4
15. Qd3 Nc6 16. e3 dxc4 17. Qxc4 Ne5 18. Qe4 Nc6 19. Qe5 Bxe5 20. Bxf6 Qxf6 0-1

[Event "Open Nuevo Centro. Jornada 3"]
[Site "Chess.com"]
[Date "2020.07.03"]
[Round "3"]
[White "Beneyto de Ramon, Guillermo"
[Black "Reig Albero, Ferran"
[Result "0-1"]
[WhiteElo "1518"]
[BlackElo "1823"]
[PlyCount "62"]
[EventDate "2020.??.??"]
1. c4 Nf6 2. Nc3 e6 3. g3 d5 4. cxd5 exd5 5. d4 Bb4 6. Bg2 c6 7. Nf3 Ne4 8. Bd2
Nxd2 9. Qxd2 Nd7 10. a3 Bd6 11. Qe3+ Qe7 12. Qxe7+ Kxe7 13. O-O Re8 14. e3 Kf8
15. Nd2 Nf6 16. Rfe1 Bg4 17. f3 Bh5 18. e4 dxe4 19. fxe4 Bc7 20. e5 Ng4 21. h3
Nh6 22. Nde4 Rad8 23. Ng5 Rxd4 24. e6 f6 25. e7+ Kg8 26. Ne6 Rd7 27. Nxc7 Rxc7
28. g4 Bg6 29. Nd5 cxd5 30. Bxd5+ Bf7 31. Bxf7+ Nxf7 0-1

[Event "Open Nuevo Centro. Jornada 3"]
[Site "Chess.com"]
[Date "2020.07.03"]
[Round "3"]
[White "Teply Koutsky, David"
[Black "Carbonell Bofill, Carlos Eloy"
[Result "0-1"]
[WhiteElo "1579"]
[BlackElo "1995"]
[PlyCount "72"]
[EventDate "2020.??.??"]
1. d4 Nf6 2. c4 e5 3. dxe5 Ng4 4. Nf3 Bc5 5. e3 Nc6 6. Nc3 a5 7. b3 Ncxe5 8. h3
Nxf3+ 9. Qxf3 Ne5 10. Qg3 Ng6 11. Bb2 O-O 12. Bd3 f5 13. Nd5 Bd6 14. Qf3 Nh4
15. Qh5 c6 16. Nf4 Bxf4 17. exf4 Nxg2+ 18. Kd2 Nxf4 19. Qf3 Nxd3 20. Qxd3 d5
21. Rhg1 g6 22. Qd4 dxc4 23. bxc4 Be6 24. Qxd8 Rfxd8+ 25. Kc3 a4 26. Rae1 Kf7
27. h4 a3 28. Ba1 Ra4 29. Kb3 b5 30. h5 Bxc4+ 31. Kc2 Bd3+ 32. Kb3 Be4 33.
hxg6+ hxg6 34. Rh1 Rd3+ 35. Kc2 Rc4+ 36. Kb1 Rd1# 0-1

[Event "Open Nuevo Centro. Jornada 3"]
[Site "Chess.com"]
[Date "2020.07.03"]
[Round "3"]
[White "Galcin Plitnikas, Artiom"
[Black "Aguado, Pablo Luis"
[Result "0-1"]
[WhiteElo "1341"]
[BlackElo "1795"]
[PlyCount "66"]
[EventDate "2020.??.??"]
1. d4 d5 2. Nf3 Nf6 3. Bf4 e6 4. e3 Bd6 5. Bg3 c5 6. c3 Nc6 7. Be2 O-O 8. Nbd2
b6 9. Ne5 Qc7 10. Nxc6 Qxc6 11. Nf3 Bb7 12. Qc2 Ne4 13. Bd3 f5 14. Ne5 Qc7 15.
Bxe4 fxe4 16. Qe2 Rf6 17. Bh4 Rf5 18. Bg3 Bxe5 19. dxe5 Raf8 20. Rf1 Qc8 21. f4
Ba6 22. Qd2 Bxf1 23. Kxf1 g5 24. Kg1 g4 25. h3 gxh3 26. gxh3 Qe8 27. Qg2 Kh8
28. Bh4 Rg8 29. Bg3 Rf7 30. Kh1 Rfg7 31. Qf2 Rxg3 32. Rf1 Qh5 33. Qh2 Rxh3 0-1

[Event "Open Nuevo Centro. Jornada 3"]
[Site "Chess.com"]
[Date "2020.07.03"]
[Round "3"]
[White "Salvador Buiza, Victor"
[Black "Donate Moreno, David"
[Result "1-0"]
[WhiteElo "1835"]
[BlackElo "1539"]
[PlyCount "53"]
[EventDate "2020.??.??"]
1. e4 e5 2. Nf3 Nc6 3. Bc4 Nf6 4. d3 Bc5 5. Be3 Bb6 6. O-O d6 7. h3 Be6 8. Bb3
Bxb3 9. axb3 O-O 10. Nbd2 Nd7 11. Nh2 Nc5 12. Nc4 Ne6 13. Nxb6 axb6 14. f4 Rxa1
15. Qxa1 f5 16. fxe5 f4 17. Bd2 dxe5 18. b4 Ncd4 19. Qa2 Rf6 20. Ng4 Rg6 21.
Nxe5 Rxg2+ 22. Kxg2 Qg5+ 23. Ng4 f3+ 24. Rxf3 Qxd2+ 25. Rf2 Qg5 26. c3 Nc6 27.
Qxe6+ 1-0

[Event "Open Nuevo Centro. Jornada 3"]
[Site "Chess.com"]
[Date "2020.07.03"]
[Round "3"]
[White "Silva Rodriguez, Fernando"
[Black "Kovacevic, Slobodan"
[Result "1-0"]
[WhiteElo "2459"]
[BlackElo "2104"]
[PlyCount "75"]
[EventDate "2020.??.??"]
1. d4 Nf6 2. Nc3 d5 3. Bf4 c6 4. f3 Bf5 5. g4 Bg6 6. h4 h6 7. e3 Nbd7 8. Bd3
Bxd3 9. Qxd3 e6 10. O-O-O g6 11. Nge2 Bg7 12. Ng3 Nb6 13. e4 Nc4 14. Kb1 a6 15.
Bc1 Qc7 16. e5 Nd7 17. f4 c5 18. f5 gxf5 19. gxf5 cxd4 20. fxe6 Ndxe5 21. exf7+
Qxf7 22. Qxd4 O-O-O 23. Rhf1 Qe6 24. Nf5 Bf6 25. Nxd5 Rd7 26. Qc5+ Kb8 27. Nxf6
Rxd1 28. Rxd1 Qxf6 29. Nd6 Nxd6 30. Rxd6 Qf5 31. Rxh6 Rxh6 32. Bxh6 Qf1+ 33.
Bc1 Nf3 34. Qd6+ Ka8 35. h5 Qh1 36. h6 Ng5 37. Qd8+ Ka7 38. Qxg5 1-0

[Event "Open Nuevo Centro. Jornada 3"]
[Site "Chess.com"]
[Date "2020.07.03"]
[Round "3"]
[White "Gil L�pez, Alejandro"
[Black "Campos Gambuti, Luis Mar�a"
[Result "0-1"]
[WhiteElo "2151"]
[BlackElo "2498"]
[PlyCount "70"]
[EventDate "2020.??.??"]
1. e4 d5 2. exd5 Qxd5 3. Nf3 Bg4 4. Be2 Nc6 5. O-O O-O-O 6. Nc3 Qd7 7. h3 Bxf3
8. Bxf3 e5 9. d3 f5 10. Re1 Re8 11. b3 Nf6 12. Bb2 Nd4 13. Nb1 Bd6 14. Nd2 g5
15. Bxd4 exd4 16. Nc4 Bb4 17. Rxe8+ Rxe8 18. Nd2 h5 19. g3 g4 20. Bg2 Nd5 21.
Nc4 b5 22. Nb2 Re1+ 23. Qxe1 Bxe1 24. Rxe1 a6 25. h4 Nb4 26. Re2 Nxa2 27. Kh2
Qd6 28. Nd1 f4 29. Be4 f3 30. Re1 Qc5 31. Bg6 Kb7 32. Be4+ Kb6 33. Bg6 Qxc2 34.
Kg1 Qd2 35. Re6+ Ka5 0-1

[Event "Open Nuevo Centro. Jornada 3"]
[Site "Chess.com"]
[Date "2020.07.03"]
[Round "3"]
[White "Mart�nez Cuenca, Jose Andr�s"
[Black "Valverde Alcaide, Miguel Alejandro"
[Result "0-1"]
[WhiteElo "1000"]
[BlackElo "858"]
[PlyCount "50"]
[EventDate "2020.??.??"]
1. e4 e5 2. Qh5 Nc6 3. Bc4 g6 4. Qf3 Nh6 5. d4 Nxd4 6. Qe3 Qe7 7. Qc3 Qf6 8. f3
d6 9. Be3 c5 10. Bxd4 exd4 11. Qd3 Be6 12. Bb5+ Kd8 13. Nh3 Bxh3 14. gxh3 Qh4+
15. Kd1 Qxh3 16. Bc4 Kc7 17. Nd2 Re8 18. Bd5 Be7 19. c3 Bg5 20. cxd4 Bxd2 21.
Qxd2 Qxf3+ 22. Kc2 Ng4 23. dxc5 Ne3+ 24. Kc1 Qxh1+ 25. Qd1 Qxd1# 0-1

[Event "Open Nuevo Centro. Jornada 3"]
[Site "Chess.com"]
[Date "2020.07.03"]
[Round "3"]
[White "Ferrando Lacruz, Nicol�s "
[Black "Mart�nez Cuenca, Adri�n "
[Result "1-0"]
[WhiteElo "1027"]
[BlackElo "784"]
[PlyCount "85"]
[EventDate "2020.??.??"]
1. d4 d5 2. Bf4 g5 3. Be5 h6 4. Bxh8 Nf6 5. Bxf6 exf6 6. Nf3 g4 7. Nfd2 g3 8.
hxg3 f5 9. e3 f4 10. Bb5+ c6 11. Bd3 fxg3 12. fxg3 Bg4 13. Qxg4 f5 14. Qxf5 Bb4
15. c3 c5 16. Rxh6 Nc6 17. Qf6 Qxf6 18. Rxf6 Ke7 19. Rh6 Kf7 20. Rg6 c4 21. Bf5
Ke7 22. Rg7+ Kf6 23. Rxb7 Rh8 24. cxb4 Rh1+ 25. Ke2 Rh5 26. Bg4 Rg5 27. Bf3
Rxg3 28. Bh5 Rxg2+ 29. Kf3 c3 30. bxc3 Nxd4+ 31. Kf4 Ne2+ 32. Kf3 Rg5 33. Rxa7
Kf5 34. Kxe2 Rxh5 35. e4+ Kg4 36. Na3 Rh2+ 37. Kd3 Rh3+ 38. Kd4 Rh2 39. Nf1 Rf2
40. Nh2+ Kg3 41. Rg7+ Kh3 42. Nf3 Rxf3 43. Rh1# 1-0

[Event "Open Nuevo Centro. Jornada 3"]
[Site "Chess.com"]
[Date "2020.07.03"]
[Round "3"]
[White "Pardo Ruiz, Beatriz"
[Black "Acevedo Noguera, Sara"
[Result "1-0"]
[WhiteElo "1002"]
[BlackElo "357"]
[PlyCount "55"]
[EventDate "2020.??.??"]
1. e4 e5 2. Nf3 Nc6 3. Bc4 Nf6 4. Nc3 Bb4 5. a3 Bxc3 6. dxc3 Nxe4 7. Qd5 Nd6 8.
Nxe5 O-O 9. Nxc6 dxc6 10. Qd1 Qe7+ 11. Be3 Nxc4 12. O-O Nxe3 13. fxe3 Qxe3+ 14.
Kh1 Bg4 15. Qxg4 Rfe8 16. h3 Qe5 17. Rf3 h5 18. Qc4 Qe2 19. Qxf7+ Kh8 20. Qxh5+
Kg8 21. Qg6 Qe5 22. Rd1 Red8 23. Rxd8+ Rxd8 24. Qf7+ Kh8 25. Rf1 Qb5 26. Rf4
Qe5 27. Rh4+ Qh5 28. Rxh5# 1-0

[Event "Open Nuevo Centro. Jornada 3"]
[Site "Chess.com"]
[Date "2020.07.03"]
[Round "3"]
[White "Miranda Calvo, Max Rodrigo"
[Black "Mart�nez Carvajal, Juan Francisco"
[Result "0-1"]
[WhiteElo "1237"]
[BlackElo "1742"]
[PlyCount "48"]
[EventDate "2020.??.??"]
1. e4 c5 2. d4 cxd4 3. c3 Nf6 4. Bd3 Nc6 5. Nf3 e5 6. Bg5 Be7 7. Bxf6 Bxf6 8.
Nbd2 dxc3 9. bxc3 O-O 10. O-O d5 11. exd5 Qxd5 12. Qc2 g6 13. c4 Qd8 14. Rfe1
Re8 15. Rad1 Bg4 16. Be4 Nd4 17. Qc3 Rb8 18. h3 Be6 19. Nb3 Nxf3+ 20. Qxf3 Qe7
21. Qe2 Red8 22. Bd3 Bg7 23. Rc1 Rbc8 24. c5 f5 0-1

[Event "Open Nuevo Centro. Jornada 3"]
[Site "Chess.com"]
[Date "2020.07.03"]
[Round "3"]
[White "Gutierrez Marco, Dario"
[Black "Valverde Caballero, Rafael"
[Result "0-1"]
[WhiteElo "1868"]
[BlackElo "1866"]
[PlyCount "66"]
[EventDate "2020.??.??"]
1. e4 c5 2. Nc3 g6 3. Bc4 Bg7 4. Qf3 e6 5. Nb5 d6 6. Qg3 Ke7 7. f4 a6 8. Nc3 b5
9. Be2 Bb7 10. d3 Nf6 11. Nf3 h6 12. O-O Nc6 13. f5 g5 14. fxe6 fxe6 15. Be3
Qe8 16. Rae1 Kd7 17. e5 Nh5 18. Qg4 Nxe5 19. Nxe5+ Bxe5 20. Ne4 Bxe4 21. dxe4
Nf6 22. Qf3 Qg6 23. Bd3 Rhf8 24. c4 b4 25. Qe2 Rf7 26. a3 a5 27. axb4 axb4 28.
Ra1 Rff8 29. Qc2 Ng4 30. Bd2 Nxh2 31. Kh1 Qh5 32. Kg1 Ng4 33. Rxa8 Qh2# 0-1

[Event "Open Nuevo Centro. Jornada 3"]
[Site "Chess.com"]
[Date "2020.07.03"]
[Round "3"]
[White "Mingarro Carceller, Sergi"
[Black "Rodriguez Rodriguez, Joan David "
[Result "1-0"]
[WhiteElo "2039"]
[BlackElo "1585"]
[PlyCount "95"]
[EventDate "2020.??.??"]
1. e4 e5 2. Nf3 Nc6 3. Bc4 Nf6 4. d3 Bc5 5. O-O O-O 6. c3 h6 7. Nbd2 d6 8. Bb3
Bg4 9. h3 Bh5 10. Re1 a5 11. Nf1 Qe7 12. Ng3 Bg6 13. Nh4 Kh7 14. Nhf5 Bxf5 15.
Nxf5 Qd7 16. d4 exd4 17. cxd4 Bb4 18. Re3 g6 19. Ng3 Kg7 20. a3 a4 21. Bxa4 Ba5
22. d5 Qe7 23. dxc6 bxc6 24. Bxc6 Rae8 25. Bxe8 Rxe8 26. b4 Bb6 27. Re1 Qe5 28.
Rb1 Qxg3 29. Be3 Qe5 30. Bxb6 cxb6 31. f3 Nh5 32. Qd5 Qe7 33. Qd4+ Kh7 34. Qxb6
Nf4 35. Qf2 Nd3 36. Qd4 Nxe1 37. Rxe1 Rc8 38. Rd1 Rd8 39. b5 d5 40. a4 Qa3 41.
exd5 Ra8 42. d6 Rxa4 43. Qd5 Qe3+ 44. Kh2 Qf4+ 45. Kh1 Qf6 46. d7 Qd8 47. Qxf7+
Kh8 48. Qe8+ 1-0

[Event "Open Nuevo Centro. Jornada 3"]
[Site "Chess.com"]
[Date "2020.07.03"]
[Round "3"]
[White "Bercaru, Vlad Ionut"
[Black "Colomer Martinez, Isabel"
[Result "1-0"]
[WhiteElo "1806"]
[BlackElo "1263"]
[PlyCount "69"]
[EventDate "2020.??.??"]
1. c4 c5 2. Nf3 Nf6 3. d4 cxd4 4. Nxd4 Nc6 5. Nc3 e6 6. Nxc6 bxc6 7. g3 Bb7 8.
Bg2 Ba6 9. b3 Bb7 10. O-O Bb4 11. Bd2 O-O 12. a3 Bxc3 13. Bxc3 h6 14. Qd6 Ne8
15. Qd2 d5 16. cxd5 cxd5 17. Bb4 Nd6 18. Qf4 g5 19. Qxd6 Qxd6 20. Bxd6 Rfd8 21.
Bb4 a5 22. Bd2 Kg7 23. Bxg5 hxg5 24. Rac1 Rdc8 25. Rfd1 Rxc1 26. Rxc1 e5 27.
Rc5 Rd8 28. b4 axb4 29. axb4 Kf6 30. e3 Ke6 31. Rc7 Ba8 32. Bh3+ Kd6 33. Rxf7
e4 34. Rf6+ Kc7 35. Rg6 1-0

[Event "Open Nuevo Centro. Jornada 3"]
[Site "Chess.com"]
[Date "2020.07.03"]
[Round "3"]
[White "Rabbani Perez, Oumaima "
[Black "SIMARRO PEIR�, ANDR�S"
[Result "0-1"]
[WhiteElo "640"]
[BlackElo "1002"]
[PlyCount "82"]
[EventDate "2020.??.??"]
1. e3 e5 2. Bd3 Nf6 3. Nf3 e4 4. Bxe4 Nxe4 5. O-O Nf6 6. h3 Bc5 7. b3 Kf8 8.
Ba3 Bxa3 9. Nxa3 g6 10. Ne5 Kg7 11. Qf3 Rf8 12. Qe2 Qe7 13. Ng4 Kg8 14. Nxf6+
Qxf6 15. Qf3 Qxf3 16. gxf3 Nc6 17. Nb5 Ne5 18. Nxc7 Nxf3+ 19. Kg2 Nh4+ 20. Kg3
Nf5+ 21. Kh2 Rb8 22. Rg1 Nh4 23. f4 Nf3+ 24. Kg2 Nxd2 25. Rad1 Ne4 26. Nd5 d6
27. Nf6+ Nxf6 28. Rxd6 Ne4 29. Re6 Nc5 30. Kh2 Bxe6 31. e4 Nxe4 32. Re1 Nc3 33.
Re3 Nxa2 34. c4 Nb4 35. Kg1 Nc2 36. Re2 Nd4 37. Re4 Nxb3 38. Re3 Nd4 39. Rd3
Ne2+ 40. Kf2 Nxf4 41. Rf3 Nh5 0-1